ბათუმის შოთა რუსთაველის სახელმწიფო უნივერსიტეტის ბიბლიოთეკა

საპატრიარქოს უწყებანი 23-29 მარტი №11(841) 2017. (ბიბ.ჩანაწერი № 52949)

000 -LEADER
fixed length control field 00912nam a2200217Ia 4500
001 - CONTROL NUMBER
control field 19980
003 - CONTROL NUMBER IDENTIFIER
control field GE_BSU
008 - FIXED-LENGTH DATA ELEMENTS--GENERAL INFORMATION
fixed length control field 181216s||||||||xx |||||||||||||| ||und||
040 ## - CATALOGING SOURCE
Transcribing agency GE_BSU
080 ## - UNIVERSAL DECIMAL CLASSIFICATION NUMBER
Universal Decimal Classification number პერიოდიკა
245 ## - TITLE STATEMENT
Title საპატრიარქოს უწყებანი 23-29 მარტი №11(841) 2017.
245 ## - TITLE STATEMENT
Remainder of title პატრიარქის ქადაგება,ქრონიკა, ინფორმაცია და სხვა.
245 ## - TITLE STATEMENT
Statement of responsibility, etc. რედ:დეკანოზი დავით შარაშენიძე და სხვა.
260 ## - PUBLICATION, DISTRIBUTION, ETC.
Place of publication, distribution, etc. თბილისი
260 ## - PUBLICATION, DISTRIBUTION, ETC.
Date of publication, distribution, etc. 2017
300 ## - PHYSICAL DESCRIPTION
Extent 20სმ. 30სმ.
653 ## - INDEX TERM--UNCONTROLLED
Uncontrolled term პერიოდიკა
653 ## - INDEX TERM--UNCONTROLLED
Uncontrolled term რელიგია
653 ## - INDEX TERM--UNCONTROLLED
Uncontrolled term საპატრიარქოს უწყებანი. 23-29 მარტი №11(841) 2017.
942 ## - ADDED ENTRY ELEMENTS (KOHA)
Koha item type პერიოდიკა
ეგზემპლარები
Withdrawn status Lost status Damaged status Not for loan Date acquired Barcode Date last seen Price effective from Koha item type Public note
        2018-12-17 p 78333 2018-12-17 2018-12-17 პერიოდიკა პერიოდიკა